| 000 | 00420nam a22001217a 4500 | ||
|---|---|---|---|
| 082 | _a220 PRO | ||
| 100 |
_aNC MAAZ MAHBUB KHAN NC ZULFIQAR HAIDER ZAIDI NC FAZEEL SAJID _971055 |
||
| 245 | _aPR-SOF-1621- DESIGN AND FABRICATION OF A MULTI-FUNCTION SCARA ROBOT | ||
| 260 |
_aISLAMABAD _bNUST COLLEGE OF EME _c2017 |
||
| 650 | _aDE-MECH-35 | ||
| 700 |
_a SUPERVISOR ASSISTANT PROFESSOR SAHEEB A. KAYANI _971056 |
||
| 942 | _cCR | ||
| 999 |
_c577782 _d577782 |
||